[Event "Kaluga Tsiolkovsky Memorial op"]
[Site "Kaluga"]
[Date "2016.08.15"]
[Round "9"]
[White "Ryabov, Vyacheslav"]
[Black "Shkodin, Vyacheslav"]
[Result "1-0"]
[WhiteElo "1964"]
[BlackElo "1821"]
[PlyCount "77"]
[EventDate "2016.08.06"]
[EventType "swiss"]
[EventRounds "9"]
[EventCountry "RUS"]
[SourceTitle "CBM 174 Extra"]
[Source "ChessBase"]
[SourceDate "2016.10.10"]
[SourceVersion "1"]
[SourceVersionDate "2016.10.10"]
[SourceQuality "1"]

1. d4 Nf6 2. Nf3 g6 3. Nc3 Bg7 4. e4 d6 5. Bf4 a6 6. Qd2 b5 7. a3 Bb7 8. Bd3 Nbd7 9. Bh6 Kf8 10. h3 c5 11. e5 Ng8 12. Bxg7+ Kxg7 13. Be4 Qc7 14. Nd5 Qb8 15. exd6 exd6 16. dxc5 Nxc5 17. Qd4+ f6 18. 0-0 Nxe4 19. Qxe4 Qe8 20. Qd4 Qc6 21. Nb4 Qc5 22. Qg4 Rd8 23. Nd4 Bc8 24. Qe4 Nh6 25. Nxa6 Qe5 26. Qd3 Bf5 27. Nxf5+ Nxf5 28. Nc7 Rc8 29. Nxb5 Qxb2 30. c3 Qb3 31. a4 Rhd8 32. Rfb1 Qc4 33. Qxc4 Rxc4 34. a5 Ra8 35. a6 Ne7 36. Nxd6 Rxc3 37. Rb7 Kf8 38. a7 Nc6 39. Rxh7 1-0

[Event "Kaluga Tsiolkovsky Memorial op"]
[Site "Kaluga"]
[Date "2016.08.14"]
[Round "8"]
[White "Bespalov, German"]
[Black "Ryabov, Vyacheslav"]
[Result "0-1"]
[WhiteElo "1575"]
[BlackElo "1964"]
[PlyCount "60"]
[EventDate "2016.08.06"]
[EventType "swiss"]
[EventRounds "9"]
[EventCountry "RUS"]
[SourceTitle "CBM 174 Extra"]
[Source "ChessBase"]
[SourceDate "2016.10.10"]
[SourceVersion "1"]
[SourceVersionDate "2016.10.10"]
[SourceQuality "1"]

1. Nf3 d5 2. d4 Nf6 3. e3 c5 4. c4 Nc6 5. Nc3 cxd4 6. exd4 Bg4 7. Be3 e6 8. h3 Bh5 9. g4 Bg6 10. c5 Ne4 11. Qa4 Be7 12. Ne5 0-0 13. Nxg6 fxg6 14. Nxe4 dxe4 15. Bc4 Qd7 16. Qb3 Nxd4 17. Bxd4 Qxd4 18. Bxe6+ Kh8 19. 0-0 Bxc5 20. Qc4 Qe5 21. Qd5 Qg3+ 22. Kh1 Qxh3+ 23. Kg1 Qg3+ 24. Kh1 Qf3+ 25. Kg1 Bxf2+ 26. Rxf2 Qxf2+ 27. Kh1 Qh4+ 28. Kg2 Rf2+ 29. Kg1 Qg3+ 30. Kh1 Qh2# 0-1

[Event "Kaluga Tsiolkovsky Memorial op"]
[Site "Kaluga"]
[Date "2016.08.06"]
[Round "1"]
[White "Ryabov, Vyacheslav"]
[Black "Malkov, Mikhail"]
[Result "1-0"]
[WhiteElo "1964"]
[BlackElo "1220"]
[PlyCount "55"]
[EventDate "2016.08.06"]
[EventType "swiss"]
[EventRounds "9"]
[EventCountry "RUS"]
[SourceTitle "CBM 174 Extra"]
[Source "ChessBase"]
[SourceDate "2016.10.10"]
[SourceVersion "1"]
[SourceVersionDate "2016.10.10"]
[SourceQuality "1"]

1. d4 d5 2. Bf4 Nf6 3. e3 Nc6 4. Nd2 Bf5 5. c3 e6 6. Ngf3 a6 7. Ne5 Nxe5 8. dxe5 Ne4 9. f3 Nxd2 10. Qxd2 c5 11. g4 Bg6 12. h4 h6 13. Bd3 Bxd3 14. Qxd3 c4 15. Qc2 b5 16. Rd1 Be7 17. Bg3 Qc7 18. 0-0 Bf6 19. f4 Be7 20. Rf3 0-0 21. f5 Qd8 22. Qf2 g5 23. f6 Bc5 24. hxg5 hxg5 25. Qh2 Qb6 26. Qh6 Bxe3+ 27. Kg2 Rfc8 28. Qg7# 1-0

[Event "Kaluga Tsiolkovsky Memorial op"]
[Site "Kaluga"]
[Date "2014.08.08"]
[Round "7"]
[White "Ryabov, Vyacheslav"]
[Black "Evlakhin, Igor"]
[Result "1/2-1/2"]
[WhiteElo "1956"]
[BlackElo "2016"]
[PlyCount "67"]
[EventDate "2014.08.02"]
[EventType "swiss"]
[EventRounds "8"]
[EventCountry "RUS"]
[SourceTitle "EXT 2023"]
[Source "ChessBase"]
[SourceDate "2022.10.05"]
[SourceVersion "1"]
[SourceVersionDate "2022.10.05"]
[SourceQuality "1"]

1. e4 c6 2. d4 d5 3. exd5 cxd5 4. Bd3 Nc6 5. c3 Nf6 6. Ne2 g6 7. Ng3 h5 8. h4 Qd6 9. Nd2 Ng4 10. Nf3 Bd7 11. Ng5 e5 12. Qf3 f5 13. Bb5 e4 14. Qf4 Qf6 15. Qc7 Bd6 16. Qxb7 Rb8 17. Qa6 Rb6 18. Qa4 e3 19. Ne2 exf2+ 20. Kf1 Rxb5 21. Qxb5 Nxd4 22. Qxd5 Nxe2 23. Kxe2 Qe5+ 24. Qxe5+ Bxe5 25. Be3 Bb5+ 26. Kf3 f1Q+ 27. Rhxf1 Bxf1 28. Re1 Bb5 29. Bf4 Bc6+ 30. Kg3 0-0 31. Bxe5 Re8 32. Kf4 Nf2 33. Re3 Bxg2 34. Bd4 1/2-1/2

[Event "Kaluga Tsiolkovsky Memorial op"]
[Site "Kaluga"]
[Date "2014.08.04"]
[Round "3"]
[White "Ryabov, Vyacheslav"]
[Black "Kogan, Tatjana"]
[Result "1-0"]
[WhiteElo "1956"]
[BlackElo "1733"]
[PlyCount "55"]
[EventDate "2014.08.02"]
[EventType "swiss"]
[EventRounds "8"]
[EventCountry "RUS"]
[SourceTitle "EXT 2023"]
[Source "ChessBase"]
[SourceDate "2022.10.05"]
[SourceVersion "1"]
[SourceVersionDate "2022.10.05"]
[SourceQuality "1"]

1. d4 e6 2. e4 d5 3. Nd2 dxe4 4. Nxe4 Nd7 5. Ne2 Ngf6 6. N2g3 Nxe4 7. Nxe4 Nf6 8. Bd3 Nxe4 9. Bxe4 Bd6 10. Qg4 g6 11. Qf3 Rb8 12. Be3 0-0 13. h4 f5 14. Bd3 Be7 15. 0-0-0 Qd5 16. Qg3 Bd6 17. f4 Kf7 18. c4 Qa5 19. Kb1 h5 20. Bd2 Qa4 21. Qe3 b6 22. Bc3 c5 23. g4 Qc6 24. gxh5 gxh5 25. Rhg1 Qc7 26. dxc5 Bxc5 27. Rg7+ Ke8 28. Qf3 1-0

[Event "Kaluga Tsiolkovsky Memorial op"]
[Site "Kaluga"]
[Date "2013.08.08"]
[Round "6"]
[White "Lysenko, Olga"]
[Black "Ryabov, Vyacheslav"]
[Result "1/2-1/2"]
[WhiteElo "1858"]
[BlackElo "1969"]
[PlyCount "48"]
[EventDate "2013.08.03"]
[EventType "swiss"]
[EventRounds "9"]
[EventCountry "RUS"]
[SourceTitle "CBM 156 Extra"]
[Source "ChessBase"]
[SourceDate "2013.10.22"]
[SourceVersion "1"]
[SourceVersionDate "2013.10.22"]
[SourceQuality "1"]

1. c4 e5 2. Nc3 Bb4 3. g3 f5 4. Bg2 c6 5. Nf3 Qf6 6. 0-0 Ne7 7. d4 exd4 8. Bg5 Qf7 9. Qxd4 0-0 10. c5 Bxc3 11. bxc3 b6 12. cxb6 axb6 13. Qxb6 h6 14. Ne5 Qe6 15. Bxe7 Re8 16. Nd3 Qxe7 17. Qb3+ d5 18. Bxd5+ cxd5 19. Qxd5+ Kh8 20. Qxa8 Bb7 21. Qa4 Qxe2 22. Nf4 Qf3 23. Qxe8+ Kh7 24. Qg6+ Kh8 1/2-1/2

[Event "Kaluga Tsiolkovsky Memorial op"]
[Site "Kaluga"]
[Date "2013.08.06"]
[Round "4"]
[White "Bauyrzhan, Arnash"]
[Black "Ryabov, Vyacheslav"]
[Result "1-0"]
[WhiteElo "1839"]
[BlackElo "1969"]
[PlyCount "113"]
[EventDate "2013.08.03"]
[EventType "swiss"]
[EventRounds "9"]
[EventCountry "RUS"]
[SourceTitle "CBM 156 Extra"]
[Source "ChessBase"]
[SourceDate "2013.10.22"]
[SourceVersion "1"]
[SourceVersionDate "2013.10.22"]
[SourceQuality "1"]

1. e4 c6 2. d4 d5 3. Nd2 dxe4 4. Nxe4 Nf6 5. Nxf6+ gxf6 6. Nf3 Bg4 7. Be2 e6 8. Qd3 Qc7 9. Bd2 Nd7 10. Qb3 0-0-0 11. 0-0-0 h5 12. Kb1 h4 13. Qa4 Kb8 14. Ba5 Nb6 15. Qb3 Rh5 16. Be1 h3 17. g3 Rhd5 18. Qe3 Bxf3 19. Bxf3 Rb5 20. Be2 Nd5 21. Qc1 Rb6 22. c4 Ba3 23. Rd2 Bb4 24. cxd5 Rxd5 25. Bc4 Rd8 26. Rd1 Qd6 27. Bc3 f5 28. Rhe1 a5 29. Bb3 Bxc3 30. Qxc3 Rb4 31. Bc4 a4 32. a3 Rb6 33. Qa5 Kc7 34. Qe5 Kc8 35. Qxd6 Rxd6 36. Re5 Rd8 37. Ra5 Kc7 38. Kc2 Rg8 39. Rd3 Rg4 40. Kc3 f4 41. Rh5 fxg3 42. Rxg3 Rf4 43. f3 Kd6 44. Rgxh3 Rf6 45. Rg3 Rf4 46. Be2 Rb3+ 47. Kc2 Rxd4 48. Rg4 Rd5 49. Rxd5+ cxd5 50. Rxa4 Re3 51. Kd2 Re5 52. Rb4 Kc7 53. Rf4 f5 54. h4 Kc6 55. h5 Kc5 56. b4+ Kd6 57. h6 1-0

[Event "Kaluga Tsiolkovsky Memorial op"]
[Site "Kaluga"]
[Date "2013.08.04"]
[Round "2"]
[White "Kulikov, Aleksandr"]
[Black "Ryabov, Vyacheslav"]
[Result "0-1"]
[WhiteElo "2384"]
[BlackElo "1969"]
[PlyCount "58"]
[EventDate "2013.08.03"]
[EventType "swiss"]
[EventRounds "9"]
[EventCountry "RUS"]
[SourceTitle "CBM 156 Extra"]
[Source "ChessBase"]
[SourceDate "2013.10.22"]
[SourceVersion "1"]
[SourceVersionDate "2013.10.22"]
[SourceQuality "1"]

1. e4 c6 2. Nf3 d5 3. Nc3 dxe4 4. Nxe4 Nf6 5. Ng3 h5 6. Bc4 Bg4 7. h3 Bxf3 8. Qxf3 e6 9. d3 Nbd7 10. Bb3 Ne5 11. Qe2 Qc7 12. Bg5 Qa5+ 13. Bd2 Qc7 14. f4 Ned7 15. 0-0-0 0-0-0 16. Ne4 Nc5 17. Nxc5 Bxc5 18. Rhf1 g6 19. Bc3 Bd4 20. Bxd4 Rxd4 21. Qe5 Qd8 22. Rfe1 Rd6 23. Qc5 Kb8 24. c4 h4 25. Re5 Rxd3 26. Rxd3 Qxd3 27. Re3 Qf1+ 28. Bd1 Qxf4 29. Bf3 Nd7 0-1

[Event "CFO-ch Seniors"]
[Site "Kaluga"]
[Date "2011.03.11"]
[Round "?"]
[White "Nekrasov, Stanislav"]
[Black "Ryabov, Vyacheslav"]
[Result "0-1"]
[WhiteElo "1933"]
[BlackElo "1970"]
[PlyCount "83"]
[EventDate "2011.03.05"]
[EventType "swiss"]
[EventRounds "9"]
[EventCountry "RUS"]
[SourceTitle "CBM 141 Extra"]
[Source "ChessBase"]
[SourceDate "2011.05.03"]
[SourceVersion "1"]
[SourceVersionDate "2011.05.03"]
[SourceQuality "1"]

1. e4 c6 2. d4 d5 3. Nc3 dxe4 4. Nxe4 Bf5 5. Ng3 Bg6 6. Nf3 Nf6 7. c3 e6 8. Bd3 Bxd3 9. Qxd3 Nbd7 10. Ng5 Qc7 11. h3 h6 12. N5e4 0-0-0 13. Qf3 Nxe4 14. Nxe4 f5 15. Ng3 g5 16. Bd2 f4 17. Ne2 e5 18. a4 Bg7 19. a5 Rhe8 20. 0-0 e4 21. Qg4 Kb8 22. Nxf4 Nf6 23. Qf5 e3 24. Bxe3 Rxe3 25. fxe3 gxf4 26. Qxf4 Re8 27. a6 Qxf4 28. exf4 Nd5 29. axb7 Kxb7 30. Rfe1 Rf8 31. g3 Kb6 32. Kf2 a5 33. Kf3 Bf6 34. Re6 Rf7 35. h4 h5 36. Rae1 Nc7 37. Rd6 Nb5 38. Rde6 Nc7 39. R6e2 Nd5 40. Ke4 Rg7 41. Kf3 Rf7 42. Re8 0-1

[Event "CFO-ch Seniors"]
[Site "Kaluga"]
[Date "2011.03.08"]
[Round "?"]
[White "Panko, Alexander"]
[Black "Ryabov, Vyacheslav"]
[Result "1-0"]
[WhiteElo "2065"]
[BlackElo "1970"]
[PlyCount "67"]
[EventDate "2011.03.05"]
[EventType "swiss"]
[EventRounds "9"]
[EventCountry "RUS"]
[SourceTitle "CBM 141 Extra"]
[Source "ChessBase"]
[SourceDate "2011.05.03"]
[SourceVersion "1"]
[SourceVersionDate "2011.05.03"]
[SourceQuality "1"]

1. e4 c6 2. d4 d5 3. f3 e6 4. Be3 dxe4 5. Nd2 exf3 6. Ngxf3 Nf6 7. Bd3 Nbd7 8. Qe2 Be7 9. c3 Nd5 10. Ne4 Nxe3 11. Qxe3 Qb6 12. 0-0 h6 13. b4 a5 14. a3 Nf6 15. Ne5 Nd5 16. Qf2 Nf6 17. Qf3 Qd8 18. Rae1 axb4 19. axb4 Bxb4 20. Nxf6+ gxf6 21. Qh5 Rf8 22. Nxf7 Rxf7 23. Bg6 Bxc3 24. Bxf7+ Ke7 25. Qc5+ Qd6 26. Qxc3 Kxf7 27. Qd3 f5 28. Qe3 Kg6 29. Rf3 Ra4 30. Rd1 Ra2 31. Rg3+ Kh7 32. Qe5 Qe7 33. d5 cxd5 34. Rxd5 1-0